Normal view MARC view

Entry Topical Term

Number of records used in: 1

001 - CONTROL NUMBER

  • control field: 11976

003 - CONTROL NUMBER IDENTIFIER

  • control field: OSt

005 - DATE AND TIME OF LATEST TRANSACTION

  • control field: 20191007052141.0

008 - FIXED-LENGTH DATA ELEMENTS

  • fixed length control field: 191007|| aca||aabn | a|a d

040 ## - CATALOGING SOURCE

  • Original cataloging agency: OSt
  • Transcribing agency: OSt

150 ## - HEADING--TOPICAL TERM

  • Topical term or geographic name entry element: Green Credit Policy

670 ## - SOURCE DATA FOUND

  • Source citation: Work cat.: (OSt): Sun, Junxiu et al 11975, Money talks: The environmental impact of China's green credit policy

Powered by Koha